000 00473nam a22001812 4500
001 0000005609
005 20151217160109.0
008 070620s xx 000 0 eng d
040 _aKABU
_cKABU
050 0 _aPZ7
_b.W4S87
100 1 _aWere, Gideon S.
_@0000156855
245 1 4 _aThe Survivors.
260 _aNairobi :
_bEquatorial publishers,
_c1968.
300 _a53 p.
908 _a070620
950 _@1
999 _c14177
_d14177